<?xml version="1.0" encoding="UTF-8"?>
<record
    xmlns:xsi="http://www.w3.org/2001/XMLSchema-instance"
    xsi:schemaLocation="http://www.loc.gov/MARC21/slim http://www.loc.gov/standards/marcxml/schema/MARC21slim.xsd"
    xmlns="http://www.loc.gov/MARC21/slim">

  <leader>00591nam a22001457a 4500</leader>
  <controlfield tag="003">OSt</controlfield>
  <controlfield tag="005">20160310091028.0</controlfield>
  <controlfield tag="008">160310b        xxu||||| |||| 00| 0 eng d</controlfield>
  <datafield tag="040" ind1=" " ind2=" ">
    <subfield code="c">RUA</subfield>
  </datafield>
  <datafield tag="082" ind1=" " ind2=" ">
    <subfield code="a">LMA  PY 2014 B467 Or.1</subfield>
  </datafield>
  <datafield tag="100" ind1=" " ind2=" ">
    <subfield code="9">7860</subfield>
    <subfield code="a">PY HOKLENG; &#x1796;&#x17B8; &#x17A0;&#x17BB;&#x1780;&#x17A1;&#x17C1;&#x1784;</subfield>
  </datafield>
  <datafield tag="245" ind1=" " ind2=" ">
    <subfield code="a">Study on policy framework of land consolidation in cambodia, &#x179F;&#x17B7;&#x1780;&#x17D2;&#x179F;&#x17B6;&#x1796;&#x17B8;&#x1780;&#x17D2;&#x179A;&#x1794;&#x1781;&#x178E;&#x17D2;&#x178C;&#x1782;&#x17C4;&#x179B;&#x1793;&#x1799;&#x17C4;&#x1794;&#x17B6;&#x1799;&#x1780;&#x17D2;&#x1793;&#x17BB;&#x1784;&#x1780;&#x17B6;&#x179A;&#x1796;&#x1784;&#x17D2;&#x179A;&#x17B8;&#x1794;&#x1784;&#x17D2;&#x179A;&#x17BD;&#x1798;&#x1780;&#x17D2;&#x1794;&#x17B6;&#x179B;&#x178A;&#x17B8;&#x1793;&#x17C5;&#x1780;&#x1798;&#x17D2;&#x1796;&#x17BB;&#x1787;&#x17B6; </subfield>
  </datafield>
  <datafield tag="300" ind1=" " ind2=" ">
    <subfield code="a">ix,34p.</subfield>
    <subfield code="b">ill.</subfield>
    <subfield code="c">29cm.</subfield>
  </datafield>
  <datafield tag="942" ind1=" " ind2=" ">
    <subfield code="2">ddc</subfield>
    <subfield code="c">LMA</subfield>
  </datafield>
  <datafield tag="999" ind1=" " ind2=" ">
    <subfield code="c">7456</subfield>
    <subfield code="d">7456</subfield>
  </datafield>
  <datafield tag="952" ind1=" " ind2=" ">
    <subfield code="0">0</subfield>
    <subfield code="1">0</subfield>
    <subfield code="2">ddc</subfield>
    <subfield code="4">0</subfield>
    <subfield code="6">LMA_PY_2014_000000000000000_B467_OR_1</subfield>
    <subfield code="7">0</subfield>
    <subfield code="9">44172</subfield>
    <subfield code="a">LBB</subfield>
    <subfield code="b">LBB</subfield>
    <subfield code="c">B467</subfield>
    <subfield code="d">2016-03-10</subfield>
    <subfield code="o">LMA  PY 2014 B467 Or.1</subfield>
    <subfield code="p">RUA056148</subfield>
    <subfield code="r">2016-03-10</subfield>
    <subfield code="w">2016-03-10</subfield>
    <subfield code="y">LMA</subfield>
  </datafield>
  <datafield tag="952" ind1=" " ind2=" ">
    <subfield code="0">0</subfield>
    <subfield code="1">0</subfield>
    <subfield code="2">ddc</subfield>
    <subfield code="4">0</subfield>
    <subfield code="6">LMA_PY_2014_000000000000000_B467_OR_2</subfield>
    <subfield code="7">0</subfield>
    <subfield code="9">44173</subfield>
    <subfield code="a">LBB</subfield>
    <subfield code="b">LBB</subfield>
    <subfield code="c">B467</subfield>
    <subfield code="d">2016-03-10</subfield>
    <subfield code="o">LMA  PY 2014 B467 Or.2</subfield>
    <subfield code="p">RUA055929</subfield>
    <subfield code="r">2016-03-10</subfield>
    <subfield code="w">2016-03-10</subfield>
    <subfield code="y">LMA</subfield>
  </datafield>
  <datafield tag="952" ind1=" " ind2=" ">
    <subfield code="0">0</subfield>
    <subfield code="1">0</subfield>
    <subfield code="2">ddc</subfield>
    <subfield code="4">0</subfield>
    <subfield code="6">LMA_PY_2014_000000000000000_B467_OR_3</subfield>
    <subfield code="7">0</subfield>
    <subfield code="9">44174</subfield>
    <subfield code="a">LBB</subfield>
    <subfield code="b">LBB</subfield>
    <subfield code="c">B467</subfield>
    <subfield code="d">2016-03-10</subfield>
    <subfield code="l">1</subfield>
    <subfield code="o">LMA  PY 2014 B467 Or.3</subfield>
    <subfield code="p">RUA055996</subfield>
    <subfield code="r">2023-04-24</subfield>
    <subfield code="s">2023-03-24</subfield>
    <subfield code="w">2016-03-10</subfield>
    <subfield code="y">LMA</subfield>
  </datafield>
  <datafield tag="952" ind1=" " ind2=" ">
    <subfield code="0">0</subfield>
    <subfield code="1">0</subfield>
    <subfield code="2">ddc</subfield>
    <subfield code="4">0</subfield>
    <subfield code="6">LMA_PY_2014_000000000000000_B467_OR_4</subfield>
    <subfield code="7">0</subfield>
    <subfield code="9">44175</subfield>
    <subfield code="a">LBB</subfield>
    <subfield code="b">LBB</subfield>
    <subfield code="c">B467</subfield>
    <subfield code="d">2016-03-10</subfield>
    <subfield code="o">LMA  PY 2014 B467 Or.4</subfield>
    <subfield code="p">RUA056114</subfield>
    <subfield code="r">2016-03-10</subfield>
    <subfield code="w">2016-03-10</subfield>
    <subfield code="y">LMA</subfield>
  </datafield>
  <datafield tag="952" ind1=" " ind2=" ">
    <subfield code="0">0</subfield>
    <subfield code="1">0</subfield>
    <subfield code="2">ddc</subfield>
    <subfield code="4">0</subfield>
    <subfield code="6">LMA_PY_2014_000000000000000_B467_OR_5</subfield>
    <subfield code="7">0</subfield>
    <subfield code="9">44176</subfield>
    <subfield code="a">LBB</subfield>
    <subfield code="b">LBB</subfield>
    <subfield code="c">B467</subfield>
    <subfield code="d">2016-03-10</subfield>
    <subfield code="o">LMA  PY 2014 B467 Or.5</subfield>
    <subfield code="p">RUA056053</subfield>
    <subfield code="r">2016-03-10</subfield>
    <subfield code="w">2016-03-10</subfield>
    <subfield code="y">LMA</subfield>
  </datafield>
  <datafield tag="952" ind1=" " ind2=" ">
    <subfield code="0">0</subfield>
    <subfield code="1">0</subfield>
    <subfield code="2">ddc</subfield>
    <subfield code="4">0</subfield>
    <subfield code="6">LMA_PY_2014_000000000000000_B467_OR_6</subfield>
    <subfield code="7">0</subfield>
    <subfield code="9">44177</subfield>
    <subfield code="a">LBB</subfield>
    <subfield code="b">LBB</subfield>
    <subfield code="c">B467</subfield>
    <subfield code="d">2016-03-10</subfield>
    <subfield code="o">LMA  PY 2014 B467 Or.6</subfield>
    <subfield code="p">RUA056054</subfield>
    <subfield code="r">2016-03-10</subfield>
    <subfield code="w">2016-03-10</subfield>
    <subfield code="y">LMA</subfield>
  </datafield>
  <datafield tag="952" ind1=" " ind2=" ">
    <subfield code="0">0</subfield>
    <subfield code="1">0</subfield>
    <subfield code="2">ddc</subfield>
    <subfield code="4">0</subfield>
    <subfield code="6">LMA_PY_2014_000000000000000_B467_OR_7</subfield>
    <subfield code="7">0</subfield>
    <subfield code="9">44178</subfield>
    <subfield code="a">LBB</subfield>
    <subfield code="b">LBB</subfield>
    <subfield code="c">B467</subfield>
    <subfield code="d">2016-03-10</subfield>
    <subfield code="l">1</subfield>
    <subfield code="o">LMA  PY 2014 B467 Or.7</subfield>
    <subfield code="p">RUA055935</subfield>
    <subfield code="r">2024-01-23</subfield>
    <subfield code="s">2024-01-08</subfield>
    <subfield code="w">2016-03-10</subfield>
    <subfield code="y">LMA</subfield>
  </datafield>
  <datafield tag="952" ind1=" " ind2=" ">
    <subfield code="0">0</subfield>
    <subfield code="1">0</subfield>
    <subfield code="2">ddc</subfield>
    <subfield code="4">0</subfield>
    <subfield code="6">LMA_PY_2014_000000000000000_B467_OR_8</subfield>
    <subfield code="7">0</subfield>
    <subfield code="9">44179</subfield>
    <subfield code="a">LBB</subfield>
    <subfield code="b">LBB</subfield>
    <subfield code="c">B467</subfield>
    <subfield code="d">2016-03-10</subfield>
    <subfield code="l">4</subfield>
    <subfield code="m">3</subfield>
    <subfield code="o">LMA  PY 2014 B467 Or.8</subfield>
    <subfield code="p">RUA056110</subfield>
    <subfield code="q">2019-08-27</subfield>
    <subfield code="r">2019-08-09</subfield>
    <subfield code="s">2019-08-09</subfield>
    <subfield code="w">2016-03-10</subfield>
    <subfield code="y">LMA</subfield>
  </datafield>
</record>
